| 000 | 01959cam a2200469 4500 | ||
|---|---|---|---|
| 008 | 040426n2004 000 0 eng u | ||
| 020 | _a0721916406 | ||
| 035 | _a(Sirsi) u125965 | ||
| 041 | _aeng | ||
| 050 |
_a614.7 _c18 |
||
| 100 | _aJones, Brian | ||
| 245 | _aEnvironmental liabilities | ||
| 260 |
_aCrayford _bShaw and Sons _c2004 |
||
| 300 | _axlviii, 24cm. | ||
| 350 | _a49.50 | ||
| 505 | _aThe role of civil liability in the context of environmental damage | ||
| 505 | _aPrivate nuisance: substance of liability; defences; remedies | ||
| 505 | _aThe action for damages arising out of public nuisance | ||
| 505 | _aStandard of liability, remoteness of damage and proof of causality: common law principles in action | ||
| 505 | _aCriminal liability in the environmental context | ||
| 505 | _aPublic nuisance | ||
| 505 | _aOffences in the context of water pollution | ||
| 505 | _aOffences in the context of waste | ||
| 505 | _aStatutory nuisance: the substantive law; procedural matters | ||
| 505 | _aWater pollution: anti-pollution works notices | ||
| 505 | _aContaminated land: identification and remediation | ||
| 505 | _aTowards an EU framework directive on environmental liability | ||
| 520 | _aExamines in detail the principal legal liabilities (civil, criminal and administrative) in the context of environmental damage. Concentrates on current English law, with reference to European legislation where relevant. Tables of statutes, statutory instruments, European legislation and cases. | ||
| 650 | _aENVIRONMENTAL LIABILITY | ||
| 650 | _aENVIRONMENTAL DAMAGE | ||
| 650 | _aWATER POLLUTION | ||
| 650 | _aCONTAMINATED LAND | ||
| 650 | _aWASTE | ||
| 650 | _aCIVIL LIABILITY | ||
| 650 | _aCRIMINAL LIABILITY | ||
| 650 | _aSTATUTORY NUISANCE | ||
| 650 | _aPUBLIC NUISANCE | ||
| 650 | _aPRIVATE NUISANCE | ||
| 690 | _aENVIRONMENTAL AND LAND CONSULTANCY | ||
| 700 | _aParpworth, Neil | ||
| 942 | _n0 | ||
| 999 |
_c103526 _d103526 |
||